Denník Republika ako hazard s rozpočtovými prostriedkami. TA SR trvale ekonomicky klesá, a napriek tomu siaha po neefektívnej podnikateľskej aktivite.

Na príklade príspevkovej organizácie Tlačová agentúra SR a vydávanie denníka Republika (viaceré obdobné denníky na Slovensku zanikli so stratami) demonštrované možné porušenie ekonomických a právnych predpisov súvisiacich s touto podnikateľskou aktivitou TA SR.

Gespeichert in:
Bibliographische Detailangaben
1. Verfasser: Brunovský, D.
Format: Buchkapitel
Sprache:Slowakisch
Schlagworte:
Tags: Tag hinzufügen
Keine Tags, Fügen Sie das erste Tag hinzu!

MARC

LEADER 00000naa a2200000 4500
001 r012518
005 20220826094925.8
041 0 |a slo 
044 |a SK 
245 1 0 |a Denník Republika ako hazard s rozpočtovými prostriedkami.  |b TA SR trvale ekonomicky klesá, a napriek tomu siaha po neefektívnej podnikateľskej aktivite.  |c D. Brunovský 
520 |a Na príklade príspevkovej organizácie Tlačová agentúra SR a vydávanie denníka Republika (viaceré obdobné denníky na Slovensku zanikli so stratami) demonštrované možné porušenie ekonomických a právnych predpisov súvisiacich s touto podnikateľskou aktivitou TA SR. 
610 2 0 |a organizácie príspevkové 
610 2 0 |a TA SR Bratislava 
610 2 0 |a podnikanie 
610 2 0 |a predpisy právne 
610 2 0 |a Republika 
610 2 0 |a noviny 
610 2 0 |a financovanie 
100 1 |a Brunovský, D.